[Event "Stepan Avagyan Mem 2025"]
[Site "Jermuk ARM"]
[Date "2025.05.29"]
[Round "1.1"]
[White "Hovhannisyan, Robert"]
[Black "Xu, Xiangyu"]
[Result "0-1"]
[Annotator "Crowther,Mark"]
[WhiteElo "2635"]
[BlackElo "2623"]
[PlyCount "142"]
[GameId "2183116278288619"]
[EventDate "2025.05.29"]

1. e4 c5 2. Nf3 {[%cal Bg1f3,Bf3d4,Bd4b5,Bb5a3,Ba3c2][%mdl 32]} e6 3. d4 cxd4 4. Nxd4 Nf6 5. Nc3 Nc6 6. Ndb5 d6 7. Bf4 e5 8. Bg5 a6 9. Na3 b5 10. Nd5 Be7 11. Bxf6 Bxf6 12. c3 Bg5 13. Nc2 Rb8 14. a4 bxa4 15. Ncb4 Bd7 16. Bxa6 Nxb4 17. cxb4 O-O 18. O-O Kh8 {The position is equal.} 19. b3 axb3 20. Qxb3 Be6 21. Bc4 Qd7 $146 (21... f5 22. exf5 Rxf5 23. b5 e4 24. Rab1 {½-½ Zidu,J (2518)-Marciz,A (2489) FICGS class GM 000008 email FICGS email 2021 (1)}) 22. Ra6 Rfc8 23. Rfa1 Bxd5 24. Bxd5 {[%cal Og2g3]} Bd2 25. R6a4 {[%cal Od5c4]} Bc3 $1 26. Rf1 Bd4 27. Bxf7 Rf8 28. Bd5 Qb5 29. g3 Bxf2+ {[%mdl 64]} 30. Rxf2 Rxf2 {[%mdl 64] Remove Defender} 31. Kxf2 Rf8+ 32. Bf7 $1 Qb7 $2 {[%eval 303,27] [%wdl 1000,0,0][%mdl 8192] Suddenly white is winning.} (32... d5 $1 $11 {[%eval 30,26] [%wdl 17,982,1] and Black stays safe.} 33. Kg1 h6) 33. Ke3 {[%eval 162,26] [%wdl 973,27,0]} (33. Qd5 $142 $1 {[%eval 303,27] [%wdl 1000,0,0][%cal Rd5b7] is the best move here.} Rxf7+ 34. Ke2 Qxd5 35. exd5) 33... g6 $2 {[%eval 351,28] [%wdl 1000,0,0]} (33... Rxf7 34. Qxf7 Qc8 35. Qc7 $18 (35. Ra7 Qc1+ 36. Ke2 Qc2+ 37. Kf3 Qd1+ 38. Kg2 Qc2+ 39. Kh3 Qc8+ 40. Rd7 Qg8)) (33... Qb6+ {[%eval 162,26] [%wdl 973,27,0]} 34. Ke2 (34. Kf3 Qg1 $14) 34... Qg1) 34. Qd5 $2 {[%eval 0,27] [%wdl 3,994,3] Now equal again.} (34. Bc4 $18 {[%eval 351,28] [%wdl 1000,0,0] wins.}) 34... Qb6+ $1 $11 35. Kf3 {Hoping for Ra8.} Kg7 36. Kg2 Rxf7 {[%mdl 4096]} 37. Kh3 Qg1 {(  ...Rf2) Black converts the advantage convincingly.} 38. Qd2 $2 {[%eval -32715,35] [%wdl 0,0,1000][%mdl 8192] Allowing a decisive advantage for black.} (38. Qxd6 $15 {[%eval -33,24] [%wdl 0,980,20]} Qf1+ 39. Kh4) 38... Qf1+ 39. Qg2 Qd1 {[%cal Rd1h5]} 40. Qa2 Qh5+ 41. Kg2 Qf3+ 42. Kh3 Qxe4 43. Qe6 Rf2 {(  ...h5)} 44. Qe7+ Kh6 {(  ...Qf5+)} 45. Qh4+ Qxh4+ 46. gxh4 $19 {KR-KR. Black is a pawn up.} Kh5 47. Ra7 h6 48. Rd7 Rf4 {[%csl Bb4,Bh4]} 49. Rxd6 Rxb4 50. Re6 Rxh4+ 51. Kg3 Rg4+ 52. Kh3 Re4 53. Kg3 Kg5 54. Re8 h5 55. Kf3 Rf4+ 56. Kg3 Rg4+ 57. Kh3 Re4 58. Kg3 Kf6 59. Rf8+ Ke7 60. Ra8 Rg4+ 61. Kh3 Rg1 62. Kh4 Kf6 {[%eval -1960,24] [%wdl 0,0,1000]} (62... Kd6 $142 {[%eval -8265,23] [%wdl 0,0,1000]} 63. h3 g5+ 64. Kxh5 e4) 63. h3 g5+ 64. Kxh5 e4 65. Rg8 Rg3 66. Ra8 Ke5 (66... Rxh3+ $2 67. Kg4 Rh4+ 68. Kg3 $17) 67. Re8+ Kd4 68. Kg6 e3 69. Kf5 Kd3 70. Ra8 Ke2 71. Ke4 {Weighted Error Value: White=0.53/Black=0.40} Rxh3 0-1

[Event "Stepan Avagyan Mem 2025"]
[Site "Jermuk ARM"]
[Date "2025.05.29"]
[Round "1.2"]
[White "Aravindh, Chithambaram VR."]
[Black "Praggnanandhaa, R.."]
[Result "1/2-1/2"]
[Annotator "Crowther,Mark"]
[WhiteElo "2749"]
[BlackElo "2758"]
[PlyCount "45"]
[GameId "2183133408571998"]
[EventDate "2025.05.29"]

1. Nf3 d5 2. g3 c5 3. Bg2 Nf6 4. O-O Nc6 5. d4 cxd4 6. Nxd4 e5 7. Nxc6 bxc6 8. c4 $1 Rb8 {D02: 1 d4 d5 2 Nf3 sidelines, including 2...Nf6 3 g3 and 2...Nf6 3 Bf4.} ({Much weaker is} 8... dxc4 9. Bxc6+ Bd7 10. Bxa8 Qxa8 11. Nc3 $16) 9. Bg5 Be7 10. Nc3 {aiming for Bxf6. The position is equal.} O-O 11. cxd5 (11. Bxf6 {seems wilder.} Bxf6 12. cxd5 cxd5 13. Nxd5 Rxb2 14. Qd3) 11... cxd5 12. Bxf6 Bxf6 13. Nxd5 Rxb2 14. Qa4 Be6 15. Nxf6+ Qxf6 16. Qxa7 Rxe2 17. a4 {[%cal Ba2a4,Ba4a5][%mdl 32]} g6 $146 (17... e4 18. Rae1 Bc4 19. Rxe2 Bxe2 20. Re1 Bf3 21. Bxf3 exf3 22. Qc5 h6 23. h3 Rd8 {½-½ Webersberger,J (2362)-Ivanisevic,I (2656) Warsaw Najdorf Memorial op-A 14th 2016 (1)}) 18. a5 e4 19. Rae1 Ra2 20. Rxe4 Qf5 21. a6 Bc8 22. Rfe1 Rxa6 {Not much happened in this game.} 23. Qd4 1/2-1/2

[Event "3rd Cambridge Int Open"]
[Site "Cambridge ENG"]
[Date "2025.05.29"]
[Round "6.1"]
[White "Adams, Michael"]
[Black "Siva, Mahadevan"]
[Result "1-0"]
[Annotator "Crowther,Mark"]
[WhiteElo "2661"]
[BlackElo "2385"]
[PlyCount "89"]
[GameId "2183137934672798"]
[EventDate "2025.05.26"]

1. e4 c5 2. Nf3 d6 3. Bb5+ Nd7 4. O-O a6 {[%cal Ba7a6,Ba6b5,Bb5b4][%mdl 32]} 5. Be2 Ngf6 6. d3 {B51: Sicilian: Moscow Variation (3 Bb5+) without 3...Bd7.} b5 {[%eval 31,28] [%wdl 80,911,9]} (6... e6 $11 {[%eval -10,25] [%wdl 20,941,39]}) 7. a4 $14 Bb7 8. d4 $146 {White is slightly better.} (8. axb5 axb5 9. Rxa8 Qxa8 10. d4 Bxe4 11. dxc5 dxc5 12. Bxb5 Bc6 13. Qd3 e6 14. Bg5 {½-½ Adams,M (2670)-Volokitin,A (2660) London Classic 13th 2023 (7)}) 8... cxd4 $1 9. axb5 axb5 10. Rxa8 Bxa8 11. Nxd4 b4 12. Bd2 {[%cal Bc1d2,Bd2e3,Be3a7][%mdl 32] Black is about equal here but his position gradually goes downhill.} Qb8 $6 (12... g6) 13. Nb5 (13. Bb5 e5 14. Bxd7+ Nxd7 $17 (14... Kxd7 15. Nb3 $15)) 13... Bc6 {[%eval 66,31] [%wdl 163,837,0]} (13... g6 $11 {[%eval 29,31] [%wdl 30,968,2]}) 14. c4 $1 {White is more active.} bxc3 15. N1xc3 {and Qc2 would now be decisive A mistake that costs the game.} e5 $6 {[%eval 211,24] [%wdl 996,4,0] A major concession.} (15... g6 $16 {[%eval 88,28] [%wdl 349,651,0]}) 16. Be3 $18 Be7 {[#]} 17. Ba7 $1 Qb7 18. Nxd6+ Bxd6 19. Qxd6 Qxa7 (19... Nxe4 $2 20. Nxe4 Qxa7 (20... Bxe4 $2 21. Rc1 $18) 21. Rc1 $18 (21. Qxc6 O-O $18)) 20. Qxc6 O-O {Black is weak on the light squares} 21. Rd1 Rb8 22. Nb5 Qc5 23. Qxc5 Nxc5 24. f3 Kf8 {[%eval 193,26] [%wdl 995,5,0]} (24... Nb3 $16 {[%eval 146,31] [%wdl 935,65,0] keeps fighting.} 25. Bc4 Kf8) 25. Kf2 {[%eval 147,27] [%wdl 936,64,0]} ({White should try} 25. Ra1 $18 {[%eval 193,26] [%wdl 995,5,0]}) 25... g6 {[%eval 243,30] [%wdl 1000,0,0]} (25... Nb3 $16 {[%eval 147,27] [%wdl 936,64,0]} 26. h3 h6) 26. Ra1 Nb3 27. Ra6 Nh5 28. g3 Nd4 29. Nxd4 exd4 {[%mdl 4096] Endgame KRB-KRN. White is a pawn up.} 30. Ra2 Rb4 31. Ke1 Nf6 32. Kd2 Nd7 33. Kc2 {Inhibits Rb3.} Nc5 34. Ra3 Ke7 35. b3 {[%cal Bb2b3,Bb3b4][%mdl 32]} Kd6 36. Bc4 Rb7 37. Bd5 {White is clearly winning.} Rb8 38. Bxf7 Rf8 39. b4 Nd7 40. Bd5 g5 41. Ra6+ Kc7 42. Kd3 Rxf3+ 43. Kxd4 Rf2 44. Rh6 Nf6 45. Be6 1-0

[Event "3rd Cambridge Int Open"]
[Site "Cambridge ENG"]
[Date "2025.05.30"]
[Round "7.1"]
[White "Bosiocic, Marin"]
[Black "Adams, Michael"]
[Result "0-1"]
[Annotator "Crowther,Mark"]
[WhiteElo "2511"]
[BlackElo "2661"]
[PlyCount "94"]
[GameId "2183259078753148"]
[EventDate "2025.05.26"]

1. c4 e5 2. e3 Nf6 3. Nc3 Nc6 4. a3 g6 5. b4 Bg7 6. Bb2 {A25: English Opening vs King's Indian with ...Nc6 but without early d3.} O-O 7. g4 $6 {[%eval -76,23] [%wdl 2,697,301] Already a bit dubious.} (7. Qc2 $11 {[%eval -27,24] [%wdl 11,919,70] is more appropriate.}) 7... d6 $146 (7... d5 8. g5 Ne4 9. cxd5 Nxc3 10. dxc3 Ne7 11. c4 Nf5 12. h4 a5 13. Nf3 Qe7 {1-0 Erigaisi,A (2748)-Shirov,A (2658) Titled Tuesday intern op 12th Mar Late Chess.com INT blitz 2024 (6)}) 8. g5 {Black is slightly better.} Nd7 (8... Nh5 $5) 9. h4 $1 Nb6 {[%eval -11,26] [%wdl 19,941,40]} (9... a5 $15 {[%eval -47,24] [%wdl 5,864,131]}) 10. d3 $11 Bf5 {[%eval 42,24] [%wdl 114,880,6]} (10... a5 $11 {[%eval -11,26] [%wdl 19,941,40]}) 11. Nf3 $6 {[%eval -60,24] [%wdl 3,801,196] According to the engine Adams hasn't been accurate over the last few moves but this is definitely not the best.} (11. Nge2 $14 {[%eval 42,24] [%wdl 114,880,6]}) 11... e4 $1 $15 12. dxe4 Bxe4 $2 {[%eval 61,27] [%wdl 190,808,2] White is better now.} (12... Bg4 $15 {[%eval -47,26] [%wdl 5,871,124]} 13. Ra2 Ne5) 13. Nxe4 $14 Bxb2 14. Ra2 {[%eval 19,27] [%wdl 29,965,6] It's about equal again.} (14. h5 $14 {[%eval 56,27] [%wdl 129,870,1] It's not really at all surprising that white can give up the exchange under these circumstances.}) 14... Qe7 $11 15. Nfd2 Bg7 16. f4 $6 {[%eval -51,28] [%wdl 1,891,108] Repels Ne5} (16. h5 $11 {[%eval 0,26] [%wdl 13,974,13]}) 16... d5 $15 17. cxd5 Nxd5 18. Qf3 Nc3 $6 {[%eval 31,26] [%wdl 42,955,3]} ({Black should try} 18... Rad8 $15 {[%eval -49,26] [%wdl 1,908,91]} 19. h5 Rfe8 20. hxg6 hxg6) 19. Rc2 $6 {[%eval -64,26] [%wdl 1,833,166]} ({Better is} 19. Nxc3 $1 $14 {[%eval 31,26] [%wdl 42,955,3]} Bxc3 20. Kf2) 19... Rfe8 $36 {[%mdl 2048] Black is pushing.} 20. Bg2 $2 {[%eval -192,25] [%wdl 0,15,985] White needs to do something drastic.} (20. Nxc3 $2 Nd4 (20... Qxe3+ 21. Qxe3 {[%mdl 64] Remove Defender} Rxe3+ 22. Ne2 $16) 21. Qe4 Nxc2+ 22. Qxc2 Qxe3+ 23. Ne2 Rad8 $19 (23... Qxf4 $2 24. Qd3 $19) (23... Qxa3 $2 24. Kf2 $19)) (20. Rxc3 $1 $15 {[%eval -56,27] [%wdl 1,881,118]} Bxc3 21. Nxc3) 20... Rad8 $1 $19 21. O-O (21. Nxc3 $2 Nd4 (21... Qxe3+ 22. Qxe3 {[%mdl 64] Remove Defender} Rxe3+ 23. Kf1 $17) 22. Nce4 Nxf3+ $19) 21... Rd3 22. Nxc3 Bxc3 23. Rxc3 Rxc3 24. Ne4 Rxa3 {[%cal Oe7e4]} 25. Qf2 Rb3 {[%eval -80,21] [%wdl 0,749,251]} (25... Nxb4 26. Nf6+ Kf8 27. Nxh7+ Kg7 28. Qb2+ Kxh7 29. Qxa3 $17) (25... Rd8 $1 $19 {[%eval -168,17] [%wdl 0,22,978] and Black stays clearly on top.} 26. Nf6+ Kf8 27. Nxh7+ Kg7 28. Qb2+ Kxh7 29. Qxa3 a5) 26. Nf6+ $17 {[#]} Kh8 {[%eval -1,38] [%wdl 3,994,3]} (26... Kf8 $1 $17 {[%eval -82,27] [%wdl 0,732,268][%cal Oe7e3] Strongly threatening ...Qxe3!.} 27. Nxh7+ Kg7) 27. Nxe8 $11 Qxe8 28. f5 $1 Qxe3 29. Qxe3 Rxe3 30. fxg6 fxg6 {[%mdl 4096] Endgame KRB-KRN. Black is two pawns up.} 31. Rf8+ Kg7 32. Rc8 Re7 33. b5 $2 {[%eval -181,20] [%wdl 0,9,991] This hasn't been one of Michael Adams' most impressive performances but now he doesn't allow any way back from this error.} (33. Bd5 $1 $15 {[%eval -33,24] [%wdl 0,979,21]} h5 (33... Nxb4 34. Rg8#) 34. gxh6+ Kxh6 35. Bxc6) 33... Nd4 $1 $19 34. Bxb7 Nxb5 35. Bd5 {[%csl Gd5][%cal Rc8g8]} h5 36. gxh6+ Kxh6 37. Kf2 Nd6 38. Ra8 c5 {[%eval -155,22] [%wdl 0,38,962]} (38... Re5 $19 {[%eval -195,25] [%wdl 0,4,996]} 39. Ba2 a5) 39. Kf3 {[%eval -250,18] [%wdl 0,0,1000]} (39. Rh8+ $17 {[%eval -155,22] [%wdl 0,38,962]} Kg7 40. Rd8) 39... Rc7 40. Kg4 $2 {[%eval -509,16] [%wdl 0,0,1000]} (40. Rd8 {[%eval -271,18] [%wdl 0,0,1000]} Nf5 41. Bc4) 40... c4 {Black is clearly winning.} 41. Rd8 Nf5 42. Be4 c3 43. h5 c2 (43... gxh5+ 44. Kxf5 c2 45. Bxc2 $11) 44. Bxc2 Rc4+ ({And not} 44... gxh5+ 45. Kxf5 Rxc2 (45... Rc5+ 46. Kf6 $11) 46. Rd6+ Kh7 47. Rd7+ Kg8 48. Rxa7 $11) 45. Kf3 Rxc2 46. hxg6 Kxg6 47. Ke4 Rc5 0-1

[Event "TCh-FRA Top 16 Haute 2025"]
[Site "Belfort FRA"]
[Date "2025.05.29"]
[Round "1.1"]
[White "Vachier-Lagrave, Maxime"]
[Black "Tabatabaei, M. Amin"]
[Result "1-0"]
[Annotator "Crowther,Mark"]
[WhiteElo "2723"]
[BlackElo "2670"]
[PlyCount "81"]
[GameId "2183147884795066"]
[EventDate "2025.05.29"]
[EventType "team"]
[WhiteTeam "Asnieres - le Grand Echiquier"]
[BlackTeam "Tremblay-En-France"]

1. e4 e5 2. Nf3 Nc6 3. Bb5 a6 4. Ba4 Nf6 5. O-O Be7 6. Re1 b5 7. Bb3 d6 8. c3 O-O 9. h3 Nb8 10. d4 Nbd7 11. c4 c6 12. Qc2 {C95: Closed Ruy Lopez: Breyer Variation with 10 d4.} a5 {[%cal Ba6a5,Ba5a4][%mdl 32]} 13. cxb5 cxb5 14. Nc3 {White has an edge.} a4 15. Bd5 Nxd5 16. Nxd5 Bb7 17. Nxe7+ Qxe7 18. Qc7 Rab8 19. dxe5 dxe5 20. Bg5 f6 {[%cal Of8c8] Hoping for ...Rfc8!.} 21. Rad1 $1 Bc8 $146 (21... Rfd8 22. Bxf6 gxf6 23. Nh4 Bc8 24. Nf5 Qf8 25. Nh6+ Kg7 26. Nf5+ Kg8 27. Nd6 Ba6 28. Re3 b4 29. Qc6 h5 30. Qxa6 Nb6 31. Rg3+ Kh7 32. Qe2 {1-0 Vocaturo,D (2614)-Favaloro,A (2370) ITA-chT Final 53rd Montesilvano 2022 (1.1)}) 22. Be3 Rb7 $1 {Black is weak on the dark squares} 23. Qc3 Qf7 24. Rd5 Nb8 25. a3 Bd7 26. Red1 Bc6 27. Rd8 {[%cal Od8b8]} Rd7 28. R8xd7 Bxd7 29. Rd6 Rc8 30. Qd3 h6 31. Nh4 Kh7 32. Nf5 Bxf5 {A concession.} (32... Rc4) 33. exf5 Qc4 34. Qd1 {White is more active. This costs Black the game.} Nc6 {[%eval 222,28] [%wdl 999,1,0]} (34... Rc6 $16 {[%eval 90,28] [%wdl 360,640,0] might work better.}) 35. Rd7 $18 {[%cal Bd6d7,Bd7b7,Bb7b5,Bb5c5,Bc5c3][%mdl 32] White wants to mate with Qh5.} Nb8 36. Rb7 Qe4 37. Rxb5 $40 {[%mdl 128] Black must now prevent Qh5. White attacks with force.} Nc6 38. Rc5 Rb8 $2 {[%eval 541,25] [%wdl 1000,0,0] It's been getting harder and harder for black over the last few moves, this is the decisive mistake.} (38... Rd8 {[%eval 169,24] [%wdl 982,18,0]} 39. Qg4 Qxg4 40. hxg4 Ne7) 39. Qd6 {White is clearly winning.} Rb6 40. Kh2 Ra6 {Weighted Error Value: White=0.02 (flawless) /Black=0.21 (precise)} 41. Rc3 1-0